Teatro / (Record no. 185276)

MARC details
000 -LEADER
campo de control de longitud fija 00963nam a2200253 i 4500
001 - NÚMERO DE CONTROL
campo de control 185276
003 - IDENTIFICADOR DE NÚMERO DE CONTROL
campo de control ES-MaACL
005 - FECHA Y HORA DE LA ÚLTIMA TRANSACCIÓN
campo de control 20231230063012.0
008 - DATOS DE LONGITUD FIJA--INFORMACIÓN GENERAL
campo de control de longitud fija 160505s2015 ck |||| | spa d
080 ## - NÚMERO DE LA CLASIFICACIÓN DECIMAL UNIVERSAL
Número de la Clasificación Decimal Universal 821.134.2-2"19"
100 1# - ENTRADA PRINCIPAL--NOMBRE DE PERSONA
Nombre de persona Palacios, Eduardo,
Fechas asociadas al nombre 1944-
9 (RLIN) 159491
245 10 - MENCIÓN DEL TÍTULO
Título Teatro /
Mención de responsabilidad, etc. Eduardo Palacios.
250 ## - MENCION DE EDICION
Mención de edición 1ª ed.
260 ## - PUBLICACIÓN, DISTRIBUCIÓN, ETC.
Lugar de publicación, distribución, etc. Bogotá, D.C. Colombia :
Nombre del editor, distribuidor, etc. [E. Palacios],
Fecha de publicación, distribución, etc. 2015 (
Fabricante Gráf. Leon)
300 ## - DESCRIPCIÓN FÍSICA
Extensión 282 p. ;
Dimensiones 20 cm.
505 8# - NOTA DE CONTENIDO CON FORMATO
Nota de contenido con formato Contiene: ;
Título La danza de las palabras ;
-- Policromía de los improperios ;
-- La cuesta existencialista
740 32 - ENTRADA AGREGADA--TÍTULO RELACIONADO/ANALÍTICO NO CONTROLADO
Título relacionado o analítico no controlado La danza de las palabras.
740 02 - ENTRADA AGREGADA--TÍTULO RELACIONADO/ANALÍTICO NO CONTROLADO
Título relacionado o analítico no controlado Policromía de los improperios.
740 32 - ENTRADA AGREGADA--TÍTULO RELACIONADO/ANALÍTICO NO CONTROLADO
Título relacionado o analítico no controlado La cuesta existencialista.
852 ## - LOCALIZACIÓN
Ubicación ES-MaACL
Número de control de estantería A-13728
itemnumber 192298
Sublocalización o colección R.150911
Ubicación en estantería Depósito 1
Signatura antigua Olim: N-6728
Anotaciones manuscritas Dedicatoria autógrafa del autor
Donativo/Legado Donación: Eduardo Palacios
903 ## - NOMBRE PERSONAL DE DONANTE
a Palacios, Eduardo,
d 1944-
e Donante
9 159491
942 ## - ELEMENTOS DE ENTRADA SECUNDARIOS (KOHA)
Fuente del sistema de clasificación o colocación Clasificación decimal universal
Tipo de ítem Koha Libro impreso
Holdings
Estatus retirado Estado de pérdida Fuente del sistema de clasificación o colocación Estado de daño No para préstamo Colección Biblioteca de origen Biblioteca actual Ubicación en estantería Fecha de adquisición Fuente de adquisición Total de préstamos Signatura topográfica completa Código de barras Visto por última vez Precio de reemplazo Tipo de ítem Koha Nota pública
    Clasificación decimal universal     Libros con dedicatorias Biblioteca del Ateneo de Madrid Biblioteca del Ateneo de Madrid Depósito 1 05/05/2016 Donación   A-13728 1195202 23/02/2023 23/02/2023 Libro impreso Dedicatoria autógrafa del autor